South Eastern Kenya University

Library Online Public Access Catalogue


Intermediate Algebra (Record no. 10468)

MARC details
000 -LEADER
fixed length control field 00479nam a22001817a 4500
001 - CONTROL NUMBER
control field Seku
003 - CONTROL NUMBER IDENTIFIER
control field OSt
005 - DATE AND TIME OF LATEST TRANSACTION
control field 20160205110540.0
008 - FIXED-LENGTH DATA ELEMENTS--GENERAL INFORMATION
fixed length control field 160205b xxu||||| |||| 00| 0 eng d
020 ## - INTERNATIONAL STANDARD BOOK NUMBER
International Standard Book Number 0201338769
040 ## - CATALOGING SOURCE
Original cataloging agency SEKU
050 ## - LIBRARY OF CONGRESS CALL NUMBER
Classification number QA154.2
Item number .B54 1999
100 ## - MAIN ENTRY--PERSONAL NAME
Personal name Bittinger L. Marvin
245 ## - TITLE STATEMENT
Title Intermediate Algebra
Remainder of title Annotated instructors edition
Statement of responsibility, etc. Marvin L. Bittinger
260 ## - PUBLICATION, DISTRIBUTION, ETC. (IMPRINT)
Place of publication, distribution, etc. New York.;
Name of publisher, distributor, etc. Addison Wesley
Date of publication, distribution, etc. 1999
300 ## - PHYSICAL DESCRIPTION
Extent iii-ix.: p
942 ## - ADDED ENTRY ELEMENTS (KOHA)
Source of classification or shelving scheme Library of Congress Classification
Koha item type General circulation
Holdings
Withdrawn status Lost status Source of classification or shelving scheme Damaged status Not for loan Home library Current library Shelving location Date acquired Source of acquisition Total Checkouts Full call number Barcode Date last seen Price effective from Koha item type Public note
    Library of Congress Classification     Wote Campus Library Wote Campus Library General Stacks 05/02/2016 donation- books for Africa   QA154.2 .B54 1999 2016/011179 05/02/2016 05/02/2016 General circulation GM
Kitui, Kenya.
+254736116989
library@seku.ac.ke